| 000 | 01242cam a2200349 i 4500 | ||
|---|---|---|---|
| 001 | 2560818 | ||
| 003 | EG-ScBUE | ||
| 005 | 20241215154958.0 | ||
| 008 | 950803t1996 enka frb 001 0 eng d | ||
| 020 | _a0471957364 | ||
| 020 | _a9780471957362 | ||
| 040 |
_aDLC _beng _erda _cDLC _dDLC _dEG-ScBUE |
||
| 082 | 0 | 4 |
_222 _a523.1 _bMOS |
| 100 | 1 |
_aMoss, Ian G., _eauthor. |
|
| 245 | 1 | 0 |
_aQuantum theory, black holes, and inflation / _cIan G. Moss, University of Newcastle Upon Tyne |
| 264 | 1 |
_aChichester ; _aNew York : _bJohn Wiley & Sons, _c[1996] |
|
| 264 | 4 | _cc1996 | |
| 300 |
_axii, 162 pages : _billustrations ; _c24 cm |
||
| 336 |
_2rdacontent _atext _btxt |
||
| 337 |
_aunmediated _2rdamedia _bn |
||
| 338 |
_avolume _bnc _2rdacarrier |
||
| 504 | _aIncludes bibliographical references and index. | ||
| 650 | 7 |
_aCosmology. _2BUEsh _937498 |
|
| 650 | 7 |
_aBlack holes (Astronomy) _2BUEsh _924443 |
|
| 650 | 7 |
_aQuantum theory. _2BUEsh _91883 |
|
| 650 | 7 |
_aInflationary universe. _2BUEsh |
|
| 651 | _2BUEsh | ||
| 653 |
_bGGEN _cMay2018 |
||
| 856 | 4 | 2 |
_3Publisher description _uhttp://www.loc.gov/catdir/description/wiley036/95025011.html |
| 856 | 4 |
_3Table of Contents _uhttp://www.loc.gov/catdir/toc/onix07/95025011.html |
|
| 942 |
_2ddc _cBB |
||
| 999 |
_c26748 _d26720 |
||